01163nam a2200229 a 4500001001000000003000900010005001700019008004100036040002500077082002000102111009400122245012600216246006100342260006400403300002800467500012400495500007300619504003200692651008400724651006400808710006100872000026512DO-SdBNP20211115082307.0110322s1996 dr a r 000 0 spa d aDO-SdBNPbspacBNPHU a972.9375bC749s2 aCongreso sobre la Fundación de la Ciudad de Santo Domingon(1 :d1995 :cSanto Domingo)10aSobre la historia de la fundación de la ciudad de Santo Domingo y otros estudios de la época colonial:. :bponencias.13aHistoria de la fundación de la ciudad de Santo Domingo aSanto Domingo :bAyuntamiento del Distrito Nacional,c1996. a396 p. :bil. ;c22 cm. aA la cabeza del título : Comisión Municipal para la Conmemoración del V Centenario de la Ciudad de Santo Domingo, aIncluye referencias bibliográficas y notas al pie de las páginas aBibliografía : p. 370-372 4aSanto Domingo (República Dominicana)xHistoriavCongresos, conferencias, etc. 4aRepública Dominicanay1844vCongresos, conferencias, etc.12aDistrito Nacional (República Dominicana)bAyuntamiento